000 00359nam a2200145Ia 4500
008 231129s2013||||xx |||||||||||||| ||spa||
020 _a978-958-30-4116-7
040 _bspa
082 _a(i) 869.3 N778b
100 _aNogueira Carlos
245 0 _aBúho comí­
260 _c2013
264 _aPanamericana
942 _2ddc
_cBKS
999 _c63
_d63